000 00757nam a22002057a 4500
005 2010081707387.0
010 _aENG-100629
020 _a9788190761536
_c80.00
035 _aEN-84162
037 _bDBAD/PUB
082 _a341.48
100 _aPrasanth, M.
_914270
245 _aHuman rights commission activities in Tamil Nadu /
_cby M. Prasanth
260 _aChennai
_bMahakavi Pathippagam
_c2008
270 _a12/34, Well Street, Ethirajapuram, West Tambaram
_bChennai
_e45
300 _a76p.
_c21cm (pbk)
650 _aTamil Nadu, Commission on Human Right
_914271
942 _2ddc
_cEN
_h341.48
_mPRA
999 _c42259
_d42259